|
|
|
|
| LEADER |
00000nab a2200000 4500 |
| 001 |
vtls012069744 |
| 003 |
SK-MaSNL |
| 005 |
20260303100008.0 |
| 008 |
210921|2021 xo |||| ||an ||00 0|slo |
| 015 |
|
|
|a SNBRB2021/09
|
| 040 |
|
|
|a SPKCL
|b slo
|e rda
|
| 041 |
|
|
|a slo
|b slo
|
| 044 |
|
|
|a xo
|c SK
|
| 072 |
|
7 |
|a 37.09
|x Organizácia výučby a vzdelávanie
|2 konspekt
|
| 072 |
|
7 |
|a 005
|x Manažment. Riadenie
|2 konspekt
|
| 080 |
|
|
|a 37.091:005.25
|2 2011
|
| 100 |
1 |
|
|a Pašková, Lucia,
|d 1979-
|4 aut
|9 21468
|
| 245 |
1 |
0 |
|a Štýly líderstva uplatňované v školskej praxi
|b úrovne líderstva a transfortmatívny štýl vedenia
|c Lucia Pašková
|
| 336 |
|
|
|a text
|b txt
|2 rdacontent
|
| 337 |
|
|
|a bez média
|b n
|2 rdamedia
|
| 338 |
|
|
|a zväzok
|b nc
|2 rdacarrier
|
| 504 |
|
|
|a Obsahuje bibliografiu
|
| 546 |
|
|
|a Slovenské resumé
|
| 650 |
0 |
7 |
|a manažment školy
|2 SNKPH
|9 67970
|
| 650 |
0 |
7 |
|a štýl riadenia
|2 snkbucl
|9 1110126
|
| 773 |
0 |
|
|t Manažment školy v praxi : odborný mesačník pre manažment škôl, školských a predškolských zariadení
|g Roč. 16, č. 7-8 (2021), s. 11-14
|x 1336-9849
|
| 958 |
|
|
|a NB
|
| 999 |
|
|
|c 1827607
|d 1829537
|